| 000 | 01034njm a2200241 i 4500 | ||
|---|---|---|---|
| 001 | 4728 | ||
| 003 | ES-MaACL | ||
| 005 | 20250727022512.0 | ||
| 007 | s|r||||||||||| | ||
| 008 | 070809s1975 sp ||| g ||||||||1|nspa d | ||
| 100 | 1 |
_aHurtado Hoyo, Elías. _964795 |
|
| 245 | 1 | 3 |
_aEl hombre eterno [ _hGrabación sonora] _b: teoría del ser / _cinterviene Elías Hurtado Hoyo. |
| 260 |
_aMadrid : _bAteneo de Madrid, _c1975. |
||
| 300 |
_a1 disco (CD-DA) (53 min. 17 seg.) ; _c12 cm. |
||
| 500 | _aDatos basados en la invitación. | ||
| 518 | _aActo organizado por el Aula de Conferencias Independientes del Ateneo de Madrid, grabado en la sala de conferencias el lunes 10 de noviembre de 1975, a las 19:30 h. | ||
| 610 | 2 | 4 |
_aAteneo de Madrid- _xActos culturales- _y1975- _vGrabaciones sonoras. _91885 |
| 650 | 7 |
_aAntropología filosófica _2embne _99891 |
|
| 710 | 2 |
_aAteneo de Madrid. _bAula de Conferencias Independientes. _91937 |
|
| 852 |
_aES-MaACL _cROT _jROT 3/4/16 _94845 |
||
| 942 |
_2udc _cCDROM |
||
| 999 |
_c4728 _d4728 |
||